书目信息 |
| 题名: |
舌尖上的中国
|
|
| 作者: | 陈志田 主编 | |
| 分册: | ||
| 出版信息: | 北京 中国华侨出版社 2017 |
|
| 页数: | 306页 | |
| 开本: | 25cm | |
| 丛书名: | ||
| 单 册: | ||
| 中图分类: | TS972.117 | |
| 科图分类: | ||
| 主题词: | 中式菜肴--烹饪 | |
| 电子资源: | ||
| ISBN: | 978-7-5113-7189-8 | |
| 000 | 00831nam0 2200217 450 | |
| 001 | 2331645755 | |
| 005 | 20231120205847.40 | |
| 010 | @a978-7-5113-7189-8@b精装@dCNY55.00 | |
| 100 | @a20180714d2017 em y0chiy50 ea | |
| 101 | 0 | @achi |
| 102 | @aCN@b110000 | |
| 105 | @aa z 000yy | |
| 200 | 1 | @a舌尖上的中国@Ashe jian shang de zhong guo@e传世美食炮制方法全攻略@f陈志田主编 |
| 210 | @a北京@c中国华侨出版社@d2017 | |
| 215 | @a306页@c彩图@d25cm | |
| 330 | @a本书精选了近200道最具有地方特色的菜肴与风味小吃,几乎囊括中国各地最具有代表性的特色美食,共分为经久不衰的老字号、名士醉心的珍馐美馔、倾世名城倾世菜,源远流长的传世美肴,老祖宗流传的乡土味道等篇章。 | |
| 606 | 0 | @a中式菜肴@x烹饪 |
| 690 | @aTS972.117@v5 | |
| 701 | 0 | @a陈志田@Achen zhi tian@f(1977-)@4主编 |
| 801 | 0 | @aCN@b山东中教@c20230928 |
| 905 | @aBZT@dTS972.117@e13 | |
| 舌尖上的中国:传世美食炮制方法全攻略/陈志田主编.-北京:中国华侨出版社,2017 |
| 306页:彩图;25cm |
| ISBN 978-7-5113-7189-8(精装):CNY55.00 |
| 本书精选了近200道最具有地方特色的菜肴与风味小吃,几乎囊括中国各地最具有代表性的特色美食,共分为经久不衰的老字号、名士醉心的珍馐美馔、倾世名城倾世菜,源远流长的传世美肴,老祖宗流传的乡土味道等篇章。 |
| ● |
| 相关链接 |
|
|
|
正题名:舌尖上的中国
索取号:TS972.117/13
 
预约/预借
| 序号 | 登录号 | 条形码 | 馆藏地/架位号 | 状态 | 备注 |
| 1 | 2000971625 | 2000971625 | 315书库/四28架A面1层3列/ [索取号:TS972.117/13] | 在馆 | |
| 2 | 2000971626 | 2000971626 | 315书库/四28架A面1层3列/ [索取号:TS972.117/13] | 在馆 | |
| 3 | 2000971627 | 2000971627 | 315书库/四28架A面1层3列/ [索取号:TS972.117/13] | 在馆 | |
| 4 | 2000971628 | 2000971628 | 315书库/四28架A面1层3列/ [索取号:TS972.117/13] | 在馆 | |
| 5 | 2000971629 | 2000971629 | 315书库/四28架A面1层3列/ [索取号:TS972.117/13] | 在馆 | |
| 6 | 2000971630 | 2000971630 | 315书库/四28架A面1层3列/ [索取号:TS972.117/13] | 在馆 |